[Event "AUTO-INT-78"]
[Site "http://www.queenalice.com/game.php?id=55223"]
[Date "2006.2.28"]
[Round "1"]
[White "alierfree"]
[Black "fabian"]
[Result "1-0"]
[WhiteElo "1393"]
[BlackElo "1483"]

1. e4 e5 2. Nf3 Qf6 3. d4 exd4 4. Nxd4 Bc5 5. Be3 Nc6 6. c3 b6 7. Bb5 Qg6 8.
Bxc6 dxc6 9. b4 Bd6 10. Nd2 Qxg2 11. Rf1 Bxh2 12. Qe2 Bg4 13. f3 Bg3+ 14. Bf2
Bh5 15. Nf5 Be5 16. Rc1 g6 17. Ne3 Qh3 18. Nec4 Bf4 19. Be3 g5 20. Bd4 f6 21. e5
Nh6 22. exf6+ Kf7 23. Qe7+ Kg6 24. Qg7+ Kf5 25. Qd7+ Kg6 26. Qxh3 Rhe8+ 27. Kf2
b5 28. Ne3 Rad8 29. f7 Nxf7 30. Qf5+ Kh6 31. Qf6+ Bg6 32. Rh1+ Bh2 33. Rxh2# 1-0

[Event "AUTO-INT-78"]
[Site "http://www.queenalice.com/game.php?id=55224"]
[Date "2006.2.28"]
[Round "1"]
[White "fabian"]
[Black "alierfree"]
[Result "1-0"]
[WhiteElo "1546"]
[BlackElo "1403"]

1. e4 c5 2. Qf3 Nc6 3. Bc4 Ne5 4. Qc3 Nxc4 5. Qxc4 e5 6. Nc3 Nf6 7. Nf3 d6 8.
Ng5 Qe7 9. a4 Be6 10. Nxe6 fxe6 11. d3 O-O-O 12. Nb5 Kb8 13. Bg5 h6 14. Bh4 g5
15. Bg3 h5 16. f3 h4 17. Bf2 g4 18. Qc3 Bg7 19. O-O a6 20. Na3 b6 21. Nc4 d5 22.
Nxb6 d4 23. Qa5 Qb7 24. Ra3 Rd6 25. Rb3 Ka7 26. Nc4 Qc6 27. Rb6 Qxb6 28. Nxb6
Rxb6 29. Qxc5 Nd7 30. Qc7+ Rb7 31. Qc6 Nb6 32. Ra1 Rc8 33. Qxe6 Rxc2 34. Bxh4
Nxa4 35. fxg4 Nb6 36. Qb3 Rc6 37. Qa3 Nd7 38. Qa4 Rcb6 39. Be1 Nc5 40. Qa5 Nb3
41. Qa3 Nxa1 42. Qxa1 Rxb2 43. Kf1 Bh6 44. Qa5 Bf4 45. g3 Be3 46. Qxe5 R7b5 47.
Qe7+ Rb7 48. Qe5 Rf7+ 49. Qf5 Rxf5+ 50. gxf5 Rxh2 51. g4 Rh1+ 52. Ke2 Rxe1+ 53.
Kxe1 Bg5 54. e5 Kb6 55. e6 a5 56. Kd1 Kb5 57. Kc2 a4 58. Kb2 Kb4 59. Ka2 a3 60.
Kb1 Kc3 61. Ka2 Kxd3 62. Kxa3 Kc3 63. Ka4 d3 64. Kb5 d2 65. Kc5 d1=Q 66. Kc6 Qd4
67. Kc7 Qd5 68. Kb6 Qc4 69. Kb7 1-0

[Event "AUTO-INT-78"]
[Site "http://www.queenalice.com/game.php?id=55227"]
[Date "2006.2.28"]
[Round "1"]
[White "alierfree"]
[Black "appalachia"]
[Result "1-0"]
[WhiteElo "1312"]
[BlackElo "1292"]

1. e4 e5 2. Nf3 Nc6 3. Nc3 Nf6 4. Bc4 d6 5. O-O Bg4 6. h3 Bxf3 7. Qxf3 g6 8. d3
Nd4 9. Qd1 Qd7 10. Be3 h6 11. Nd5 c6 12. Nxf6+ Kd8 13. Nxd7 d5 14. exd5 Kxd7 15.
Bxd4 exd4 16. Qg4+ Kc7 17. dxc6 Kxc6 18. Qe4+ 1-0

[Event "AUTO-INT-78"]
[Site "http://www.queenalice.com/game.php?id=55228"]
[Date "2006.2.28"]
[Round "1"]
[White "appalachia"]
[Black "alierfree"]
[Result "0-1"]
[WhiteElo "1299"]
[BlackElo "1280"]

1. d4 Nf6 2. Nf3 Nc6 3. e3 d5 4. Bd3 Bg4 5. Be2 Bxf3 6. Bxf3 e5 7. O-O e4 8. Be2
Bd6 9. Bb5 O-O 10. Bxc6 bxc6 11. Qe2 c5 12. c4 cxd4 13. exd4 dxc4 14. Qxc4 Ng4
15. Be3 Bxh2+ 16. Kh1 Qh4 17. Bf4 Bxf4+ 18. Kg1 Qh2# 0-1

[Event "AUTO-INT-79"]
[Site "http://www.queenalice.com/game.php?id=55944"]
[Date "2006.3.6"]
[Round "1"]
[White "alierfree"]
[Black "Laurea"]
[Result "1-0"]
[WhiteElo "1441"]
[BlackElo "1258"]

1. e4 e5 2. Nf3 Nf6 3. Nc3 Nc6 4. Bb5 Bc5 5. Bxc6 dxc6 6. Nxe5 Bg4 7. Nxg4 O-O
8. d3 Qe7 9. Bg5 Rae8 10. O-O Qe6 11. Bxf6 gxf6 12. d4 Bb4 13. Re1 c5 14. Nd5
Bxe1 15. Nxc7 Qxe4 16. f3 1-0

[Event "AUTO-INT-79"]
[Site "http://www.queenalice.com/game.php?id=55945"]
[Date "2006.3.6"]
[Round "1"]
[White "Laurea"]
[Black "alierfree"]
[Result "0-1"]
[WhiteElo "1258"]
[BlackElo "1430"]

1. e4 e5 2. Nf3 Nc6 3. Bc4 Nf6 4. d3 d5 5. exd5 Nxd5 6. Bg5 Be7 7. Bxe7 Ndxe7 8.
O-O O-O 9. Nc3 Nd4 10. Nxe5 Be6 11. Ne4 Bxc4 12. dxc4 Nec6 13. Ng4 f5 14. Nh6+
gxh6 15. Qh5 fxe4 16. Qxh6 Rf6 0-1

[Event "AUTO-INT-79"]
[Site "http://www.queenalice.com/game.php?id=55946"]
[Date "2006.3.6"]
[Round "1"]
[White "alierfree"]
[Black "jene2010"]
[Result "0-1"]
[WhiteElo "1459"]
[BlackElo "1133"]

1. e4 c6 2. Nc3 d5 3. d4 dxe4 4. Nxe4 Bf5 5. Bd3 Qxd4 6. Nf3 Qb6 7. O-O Bg6 8.
Nfg5 Nf6 9. b3 Nbd7 10. Bb2 e6 11. Nf3 Nxe4 12. Bxe4 Bxe4 13. Ng5 Bg6 14. a3 Nf6
15. Bxf6 gxf6 16. Nf3 Bg7 17. a4 O-O 18. a5 Qc7 19. b4 Rfd8 20. Qe2 e5 21. c3
Bd3 22. Qe3 Bxf1 23. Kxf1 b6 24. a6 c5 25. Rc1 c4 26. b5 Rd3 27. Qe4 Rad8 28.
Nh4 Qd7 29. Rc2 Rd1+ 30. Ke2 Re1+ 0-1

[Event "AUTO-INT-79"]
[Site "http://www.queenalice.com/game.php?id=55947"]
[Date "2006.3.6"]
[Round "1"]
[White "jene2010"]
[Black "alierfree"]
[Result "1-0"]
[WhiteElo "1162"]
[BlackElo "1430"]

1. e4 e5 2. Nf3 d6 3. d4 Bg4 4. dxe5 dxe5 5. Qxd8+ Kxd8 6. Nxe5 Be6 7. Nc3 Bd6
8. Nc4 Bb4 9. Be3 Bxc3+ 10. bxc3 Nf6 11. f3 b5 12. Nd2 c6 13. Be2 Nbd7 14. Nb3
Ke7 15. Kf2 Rhd8 16. Rhd1 a5 17. Bc5+ Ke8 18. Ba3 Rab8 19. Bd6 Ra8 20. Bc7 Rdc8
21. Bg3 a4 22. Nd4 Ra7 23. Nxe6 fxe6 24. Bd6 Rd8 25. a3 Rb7 26. g4 c5 27. Rab1
e5 28. Bxb5 h6 29. Bxa4 Rxb1 30. Rxb1 Ra8 31. Bc6 Rc8 32. Bd5 Nxd5 33. exd5 Ra8
34. Ra1 1-0

[Event "AUTO-INT-79"]
[Site "http://www.queenalice.com/game.php?id=55948"]
[Date "2006.3.6"]
[Round "1"]
[White "alierfree"]
[Black "Guillaume"]
[Result "1-0"]
[WhiteElo "1418"]
[BlackElo "1287"]

1. e4 e5 2. Nf3 Nc6 3. Bb5 Nb4 4. Nxe5 c6 5. Qf3 f6 6. Qh5+ g6 7. Nxg6 hxg6 8.
Qxh8 Nh6 9. Na3 cxb5 10. d3 Nc6 11. Bxh6 Qe7 12. Bxf8 Qxf8 13. Qxf8+ Kxf8 14.
Nxb5 a6 15. Nd6 Ke7 16. Nxc8+ Rxc8 17. h4 g5 18. hxg5 fxg5 19. Rh7+ Kf6 20. Rxd7
Rh8 21. O-O-O Rb8 22. Rh1 Ne5 23. Rh6+ Ng6 24. Rd6+ Kg7 25. Rhxg6+ Kf8 26. Rxg5
Ke7 27. Rh6 Kf7 28. g4 b6 29. e5 Re8 30. e6+ Rxe6 31. Rxe6 Kxe6 32. Rg6+ Kf7 33.
Rxb6 Ke7 34. g5 Kf7 35. d4 Ke7 36. d5 a5 37. g6 Kf8 38. Rb7 Ke8 39. g7 Kd8 40.
g8=Q# 1-0

[Event "AUTO-INT-79"]
[Site "http://www.queenalice.com/game.php?id=55949"]
[Date "2006.3.6"]
[Round "1"]
[White "Guillaume"]
[Black "alierfree"]
[Result "0-1"]
[WhiteElo "1272"]
[BlackElo "1378"]

1. e4 e5 2. Qh5 Nf6 3. Qxe5+ Qe7 4. d4 Qxe5 5. dxe5 Nxe4 6. f3 Nc5 7. b4 Ne6 8.
a3 Nc6 9. c3 Nxe5 10. f4 Nc6 11. Bc4 d6 12. Bd5 Bd7 13. f5 Ned8 14. Bxc6 Nxc6
15. g4 Be7 16. Nf3 O-O 17. O-O Ne5 18. Nxe5 dxe5 19. Rd1 Ba4 20. Rd5 f6 21. c4
Rad8 22. Ra5 Bc6 23. Rxa7 Rd1+ 24. Kf2 Rxc1 25. b5 Bc5+ 26. Ke2 Be4 27. Kd2 Rxb1
28. Rxb1 Bxa7 29. a4 Bxb1 30. a5 Rd8+ 31. Kc1 e4 32. b6 cxb6 33. axb6 Bxb6 34.
Kxb1 e3 35. h3 e2 36. c5 Rd2 37. cxb6 e1=Q# 0-1

[Event "Challenge"]
[Site "http://www.queenalice.com/game.php?id=71446"]
[Date "2006.5.24"]
[Round "-"]
[White "Danilo"]
[Black "alierfree"]
[Result "0-1"]
[WhiteElo "1252"]
[BlackElo "1450"]

1. e4 e5 2. d3 Nf6 3. h3 Nc6 4. a3 d5 5. f3 Nh5 6. Ne2 Qh4+ 7. Kd2 dxe4 8. dxe4
Be6 9. Ke3 Bc5+ 10. Kd3 Qd8+ 11. Nd4 Qxd4+ 12. Ke2 Ng3+ 13. Ke1 Qf2# 0-1